01487naa a2200265 i 4500001000400000003000400004005001700008008003900025040000800064041000800072044000800080100010400088245013800192260001000330500002100340520016600361650002000527650003400547650002000581655003000601700010900631700011600740711011700856773024800973BPPBPK20180409102412.0140527s2009 pl f |100 0 eng cBPK aeng aPOL aTOMKOWSKA, Anna.bPolitechnika Koszalińska - Wydział Mechaniczny,cKatedra Mechaniki Precyzyjnej aThe analysis of the surface topography formation in microfinishing process /cAnna Tomkowska, Ryszard Ściegienka, Wojciech Kacalak. c2009. aDane z autopsji. aIn the paper was presented the analysis of the influence of powers of the smoothing on the elestic dislocations connected with the binder of the abrasive grains. aMicrofinishing. aTopography of active surface. aAbrasive grain. 0aMateriały konferencyjne. aŚCIEGIENKA, Ryszard.d1996 - .bPolitechnika Koszalińska - Wydział Mechaniczny,cKatedra Transportu aKACALAK, Wojciech.d1996 - .bPolitechnika Koszalińska - Wydział Mechaniczny,cKatedra Mechaniki Precyzyjnej aInternational Conference on Metrology and Properties of Engineering Surfacesn(12 ;d2009 ;cRzeszów, Polska). iW :tProceedings of the 12th International Conference on Metrology and Properties of Engineering Surfaces / eds. P. Pawlus, L. Blunt, B.G. Rosen, T. Thomas, M. Wieczorowski, H. Zahouani. -dRzeszów : University of Technology, 2009. -gs. 399